|
|
|
|
| LEADER |
01263nam a22002657a 4500 |
| 001 |
12479 |
| 003 |
BD-DhAAL |
| 008 |
231224t2001 bg a s o000 0 eng d |
| 020 |
|
|
|a 9845083919
|
| 040 |
|
|
|a BD-DhAAL
|c BD-DhAAL
|
| 082 |
0 |
0 |
|a 315.492
|2 23
|
| 245 |
0 |
0 |
|a Statistical yearbook of Bangladesh 1999 :
|b বাংলাদেশ পরিসংখ্যান বর্ষগ্রন্থ-১৯৯৯
|
| 246 |
3 |
1 |
|a বাংলাদেশ পরিসংখ্যান বর্ষগ্রন্থ -১৯৯৯
|
| 250 |
|
|
|a Twentieth edition.
|
| 260 |
|
|
|a Dhaka :
|b Bangladesh Bureau of Statistics, Statistics Division, Ministry of Planning, Govt. of the People's Republic of Bangladesh,
|c 2001.
|
| 300 |
|
|
|a xxvi, 652 pages :
|b charts, tables ;
|c 29 cm.
|
| 310 |
|
|
|a Annual (irregular)
|
| 541 |
|
|
|e 12479
|
| 651 |
|
0 |
|a Bangladesh
|v Statistics
|v Periodicals.
|9 3497
|
| 651 |
|
0 |
|a Bangladesh
|x Economic conditions
|v Statistics
|v Periodicals.
|9 3498
|
| 710 |
2 |
|
|a Bangladesh
|b Parisaṃkhyāna Byuro.
|9 3499
|
| 852 |
1 |
|
|a Ayesha Abed Library
|c Reference Section
|
| 942 |
|
|
|2 ddc
|c BK
|
| 999 |
|
|
|c 46258
|d 46258
|
| 952 |
|
|
|0 0
|1 0
|2 ddc
|4 0
|6 315_492000000000000_STA
|7 0
|9 74879
|a BRACUL
|b BRACUL
|c REF
|d 2023-12-24
|g 450.00
|l 0
|o 315.492 STA
|p 3010012479
|r 2023-12-24
|t 1
|w 2023-12-24
|y BK
|